000 01529cam a22004814i 4500
003 PE-LiUPU
005 20250731180129.0
008 150625s r 000 0 d
035 _a(Sirsi) a34392
040 _aPE-LiUPU
_bspa
_cPE-LiUPU
_erda
082 0 4 _a519.2
_bK82
_221
100 1 _aKrief, Albert,
_eautor.
245 1 0 _aCalculo de Probabilidades /
_cAlbert Krief.
264 1 _aMadrid :
_bPiramide,
_c1978.
300 _a310 páginas ;
_c23 cm.
336 _atext
_2rdacontent
337 _aunmediated
_2rdamedia
338 _avolume
_2rdacarrier
505 0 _aPreliminar Matemático. -Noción de probabilidad. -Variables aleatorias unidimensionales. -Variables aleatorias bidimensionales. -Problemas de repaso. -Bibliografia.
526 _aSEG44
526 _aSEG26
526 _aP159
526 _aP155
526 _aP154
526 _aP153
526 _aP150
526 _aP100
526 _aP31
526 _aP30
526 _aP26
526 _aP25
526 _aP24
526 _aP22
526 _aP15
526 _aP10
650 0 4 _aProbabilidades.
910 _a
942 _2ddc
_cBOOK
949 _a519.2 K82
_wDEWEY
_c1
_i31360
_lCCODEBUL1
_mBUL
_p00.00
_r0
_sY
_tBOOK
_u2015-06-25
_xBIBLIOTECA
_zUNKNOWN
_0COMPRA
_o.STAFF. Colección General
596 _a1
999 _a519.2 K82
_wDEWEY
_c42243
_i31360
_d42243
_f2021-11-5
_g7
_lCCODEBUL1
_mBUL
_q1
_r0
_sY
_tBOOK
_u2015-6-25
_xBIBLIOTECA
_zUNKNOWN
_0COMPRA
_o.STAFF. Colección General
980 _81
_gALBERTO SANCHEZ Responsable de Automatización